101 Videospiele Quiz - Statistiken

Allgemein
  • Dieses Quiz wurde 1.051 mal gespielt
  • Das Durchschnittsergebnis liegt bei 51 aus 101
Antwortstatistiken
Bildquiz Antwort % Korrekt
Minecraft
100%
GTA 5
93%
Fortnite
92%
Spider Man 2
90%
EAFC 25
89%
Fall Guys
88%
Sims 4
88%
Rocket League
85%
Ark Survival Evolved
82%
Red Dead Redemption 2
82%
Mario Party
81%
Cyberpunk 2077
79%
Hitman 3
79%
Roblox
78%
Elden Ring
77%
The Last of us
77%
Valorant
76%
Raft
75%
Call of Duty: Black Ops 3
74%
God of War
74%
Overwatch
74%
The Witcher 3: Wild Hunt
74%
Counter Strike 2
73%
Fallout 4
73%
Terraria
71%
Need for Speed Heat
70%
HALO Infinite
69%
GTA San Andreas
67%
Farcry 5
66%
Mario Maker 2
66%
Battlefield 2042
65%
Hogwarts Legacy
65%
Subnautica
64%
World of Tanks
62%
Zelda BOTW
60%
Bloons Tower Defense 6
59%
The Elder Scrolls 5: Skyrim
59%
It takes two
58%
Stardew Valley
58%
League of Legends
57%
Mortal Combat 11
57%
Black Myth: Wukong
56%
Goat Simulator 3
55%
Minecraft Dungeons
55%
Dark Souls 3
54%
Euro Truck Simulator 2
54%
Brotato
53%
Diablo 4
53%
Super Mario Odyssey
53%
Dead by Daylight
52%
Forza Horizon 5
51%
Hollow Knight
51%
Sea of Thieves
50%
Lego City Undercover
49%
Horizon Zero Dawn
48%
Assassin‘s Creed Origins
47%
Palworld
46%
Hello Neighbor 2
45%
The Forest
45%
Apex Legends
44%
Grounded
44%
Gang Beasts
41%
Bloodborne
39%
Lethal Company
39%
Plague inc
39%
Witch it
39%
Assassin‘s Creed Mirage
37%
Little Nightmares 2
37%
Final Fantasy 16
36%
Rust
36%
Satisfactory
36%
Garry‘s Mod
35%
Minecraft Legends
34%
World of Warcraft
34%
Poppy Playtime
33%
Don‘t starve together
32%
The Escapists 2
31%
War Thunder
31%
Monster hunter world
30%
DayZ
29%
Power Wash Simulator
28%
Destiny 2
27%
Helldivers 2
27%
Detroit become Human
26%
Content Warning
24%
Phasmophobia
24%
Pokemon Smaragd
23%
Brawlhalla
22%
Lego Marvel Super Heroes
22%
Hearts of iron 5
21%
Planet Zoo
19%
BeamNG
18%
Sid Meier‘s Civilization 6
17%
Corekeeper
13%
Cult of Lamb
12%
Yu-gi-oh Master Duel
12%
Once Human
11%
Teardown
9%
7 Days to die
8%
Lego DC Super Villains
8%
Reventure
3%
Keine übereinstimmenden Quizze gefunden
Verteilung der Resultate
Anzahl Personen mit jedem Resultat
Perzentil nach korrekt beantworteten Fragen
Ihre Resultats-Entwicklung
Sie haben dieses Quiz noch nicht gespielt